00323nam a2200121 a 450000100100000000500170001000800410002704000250006808200140009324500360010726000370014330000210018000003145220200930062935.0110622s1936 dr 000 0 spa d aDO-SdBNPbspacBNPHU axxxxbU5400aUna nueva cosmogonia americana. aSanto Domingo :b[s. n.],c1936. a[8 p.] ;c17 cm.